| 000 | 00644nam a2200217Ia 4500 | ||
|---|---|---|---|
| 005 | 20250923145350.0 | ||
| 008 | 008 250917s9999 xx 000 0 eng d | ||
| 037 | _aTextual | ||
| 040 |
_aDSWL _beng _cDSWL |
||
| 041 |
_aeng _2eng |
||
| 084 |
_aY12:4.2, N70 _qDSWL |
||
| 100 |
_aGarg, P.K. _9834543 |
||
| 245 | 0 |
_aProfiles in identity : A study of Indian youth at crossroads of culture _c by P.K. Garg |
|
| 260 |
_aNew Delhi _b Vision Books _c1976 |
||
| 300 | _a232 p. | ||
| 365 |
_aINR _b40 . 50 |
||
| 700 |
_a I.J. Parikh _9834544 |
||
| 925 | _g40 . 50 | ||
| 942 |
_cTEXL _hY12:4.2, N70 |
||
| 999 |
_c1450506 _d1450506 |
||